00795cam a22002651 4500001001300000003000400013005001700017008004100034010001700075035002000092040001800112042001200130043001200142050001600154100005400170245003200224260001100256300008400267500001300351504005100364504003700415650002900452651003100481999001700512sa 68005758 DLC20260227112511.0891003s1961 pk abch b 000 0 urdr  asa 68005758  a(OCoLC)20432921 aDLCcWaUdDLC apremarc aa-pk---00aPK7010b.N31 aNamus, Fradun-i-Zaman Mohammad Shuja,d1900-1981.10aGilgit aur Shinā zabān. c[1961] a42, 499 p.billus., facsims., maps (part fold. col.) ports. (part col.)c25 cm. aIn Urdu. aList of the author's works: prelim. p. [3]-[4] aBibliography: p. 5-8 (1st group) 0aShina languagexHistory. 0aGilgit District (Pakistan) c80939d80939